000 00670nam a2200193Ia 4500
003 GCL
008 140319s9999 xx 000 0 ara d
040 _aGCL /
_cGCL
082 0 4 _aم
_b923.2
_bد ب
100 1 _aداود بركات
245 1 0 _aالبطل الفاتح ابراهيم وفتحه الشام 1832 /
_cداود بركات
260 _aالقاهرة :
_bالمطبعة الرحمانية ،
_c1934
300 _a255 ص:
_bايض ؛
_c23 سم
490 _a
650 0 4 _aابراهيم باشا
650 0 4 _aمصر - تاريخ
650 0 4 _aمصر - تاريخ - العصر الحديث - ابراهيم باشا ( 1848-1848 )
942 _2ddc
_cBK
999 _c59392
_d59392